War and peace and war : (Record no. 624)

000 -LEADER
fixed length control field 01154nam a22003617a 4500
001 - CONTROL NUMBER
control field 13950162
003 - CONTROL NUMBER IDENTIFIER
control field OSt
005 - DATE AND TIME OF LATEST TRANSACTION
control field 20210421060244.0
008 - FIXED-LENGTH DATA ELEMENTS--GENERAL INFORMATION
fixed length control field 050503s2006 inub b 001 0 eng
010 ## - LIBRARY OF CONGRESS CONTROL NUMBER
LC control number 2005926903
020 ## - INTERNATIONAL STANDARD BOOK NUMBER
International Standard Book Number 0131499963
040 ## - CATALOGING SOURCE
Original cataloging agency eng
Transcribing agency DLC
Modifying agency eng
Language of cataloging eng
041 ## - LANGUAGE CODE
Language code of text/sound track or separate title eng
042 ## - AUTHENTICATION CODE
Authentication code pcc
050 00 - LIBRARY OF CONGRESS CALL NUMBER
Classification number D20
Item number .T87 2006
080 ## - UNIVERSAL DECIMAL CLASSIFICATION NUMBER
Universal Decimal Classification number 94
Item number T-95
082 00 - DEWEY DECIMAL CLASSIFICATION NUMBER
Classification number 909
Edition number 22
100 1# - MAIN ENTRY--PERSONAL NAME
Personal name Turchin, Peter,
Dates associated with a name 1957-
245 10 - TITLE STATEMENT
Title War and peace and war :
Remainder of title the life cycles of imperial nations /
Statement of responsibility, etc. Peter Turchin.
250 ## - EDITION STATEMENT
Edition statement 1st edition
260 ## - PUBLICATION, DISTRIBUTION, ETC.
Place of publication, distribution, etc. New York :
Name of publisher, distributor, etc. Pi Press,
Date of publication, distribution, etc. c2006.
300 ## - PHYSICAL DESCRIPTION
Extent viii, 405 p. :
Other physical details maps ;
Dimensions 24 cm.
365 ## - TRADE PRICE
Price amount 27.95 usd
504 ## - BIBLIOGRAPHY, ETC. NOTE
Bibliography, etc. note Includes bibliographical references (p. [357]-388) and index.
650 #0 - SUBJECT ADDED ENTRY--TOPICAL TERM
Topical term or geographic name entry element World history.
650 #0 - SUBJECT ADDED ENTRY--TOPICAL TERM
Topical term or geographic name entry element History
General subdivision Mathematical models.
650 #0 - SUBJECT ADDED ENTRY--TOPICAL TERM
Topical term or geographic name entry element Historiometry.
653 ## - INDEX TERM--UNCONTROLLED
Uncontrolled term ისტორია
856 41 - ELECTRONIC LOCATION AND ACCESS
Materials specified Table of contents
Uniform Resource Identifier <a href="http://www.loc.gov/catdir/toc/fy0601/2005926903.html">http://www.loc.gov/catdir/toc/fy0601/2005926903.html</a>
906 ## - LOCAL DATA ELEMENT F, LDF (RLIN)
a 7
b cbc
c orignew
d 2
e epcn
f 20
g y-gencatlg
942 ## - ADDED ENTRY ELEMENTS (KOHA)
Source of classification or shelving scheme
Koha item type Books
Edition 1
Holdings
Withdrawn status Lost status Source of classification or shelving scheme Damaged status Not for loan Permanent location Current location Date acquired Inventory number Total Checkouts Full call number Barcode Date last seen Price effective from Koha item type
          Ken Walker International University Ken Walker International University 12/14/2020 833   94 T-95 833 12/14/2020 12/14/2020 Books

Powered by Koha